The management of risk (Record no. 103808)

MARC details
000 -LEADER
fixed length control field 01279cam a2200217 4500
001 - CONTROL NUMBER
control field L127630
008 - FIXED-LENGTH DATA ELEMENTS--GENERAL INFORMATION
fixed length control field 041006n2004 000 0 eng u
035 ## - SYSTEM CONTROL NUMBER
System control number (Sirsi) u127630
041 ## - LANGUAGE CODE
Language code of text/sound track or separate title eng
050 ## - LIBRARY OF CONGRESS CALL NUMBER
Classification number 658.404
-- 18
110 ## - MAIN ENTRY--CORPORATE NAME
Corporate name or jurisdiction name as entry element University of Reading
9 (RLIN) 3273
245 #4 - TITLE STATEMENT
Title The management of risk
Remainder of title yours, mine ours
260 ## - PUBLICATION, DISTRIBUTION, ETC.
Place of publication, distribution, etc. London
Name of publisher, distributor, etc. RICS
Date of publication, distribution, etc. 2004
300 ## - PHYSICAL DESCRIPTION
Extent 44p.
Dimensions 30cm.
490 ## - SERIES STATEMENT
Series statement RICS Project Management Faculty Feature
520 ## - SUMMARY, ETC.
Summary, etc. Research report commissioned by the RICS Project Management Faculty from the University of Reading to consider the issues surrounding risk management. The research aimed to: identify the new and changing risks across the life of built facilities from inception to occupancy and disposal; determine how risk management is being carried out in practice by project managers; assess the level of risk management training in education courses offered by higher education establishments; and ascertain the extent of risk management tools and guidance available to project managers.
690 ## - LOCAL SUBJECT ADDED ENTRY--TOPICAL TERM (OCLC, RLIN)
Topical term or geographic name as entry element Project management
9 (RLIN) 6261
710 ## - ADDED ENTRY--CORPORATE NAME
Corporate name or jurisdiction name as entry element Royal Institution of Chartered Surveyors
Subordinate unit Project Management Faculty
9 (RLIN) 4639
856 ## - ELECTRONIC LOCATION AND ACCESS
Uniform Resource Identifier <a href="https://www.akc.ie/documents/PMRiskFINAL.pdf">https://www.akc.ie/documents/PMRiskFINAL.pdf</a>
Public note View the report free of charge at www.akc.ie
942 ## - ADDED ENTRY ELEMENTS (KOHA)
Suppress in OPAC 0
Holdings
Withdrawn status Lost status Source of classification or shelving scheme Damaged status Not for loan Home library Current library Shelving location Date acquired Total Checkouts Full call number Barcode Date last seen Copy number Price effective from Koha item type
    Dewey Decimal Classification     Virtual Virtual Online 06/10/2004   ONLINE PUBLICATION 127630-1001 06/08/2019 1 06/08/2019 Book